|
|
|
|
| LEADER |
00000nam a22000007a 4500 |
| 005 |
2019091505595.0 |
| 007 |
cr|||| |||| |
| 008 |
190915c20149999Bo fr|w s|||| 0|||b1spa d |
| 022 |
|
|
|a 2413-2810
|
| 035 |
|
|
|a 22086
|
| 040 |
|
|
|a vLex
|
| 090 |
|
|
|c 9529
|d 9529
|
| 245 |
0 |
0 |
|a Revista Jurd̕ica Derecho
|h [Recurso electrn̤ico] /
|
| 256 |
|
|
|a Servicio en ln̕ea
|
| 260 |
|
|
|a La Paz:
|b Instituto de Investigaciones, Seminarios y Tesis de la Carrera de Derecho de la Universidad Mayor de San Andrš,
|c 2014 -
|
| 300 |
|
|
|a 1 recurso electrn̤ico
|
| 310 |
|
|
|a Semestral
|
| 362 |
|
|
|a Nð 1 (Jul. 2014) -
|
| 506 |
1 |
|
|a Disponible solo en los productos indicados
|d vLex Global
|d vLex Global (Academic Edition, excluding Law Schools)
|d vLex Global (U.S. Academic Edition, Law Schools)
|d vLex Global (U.S. Academic Edition, excluding Law Schools)
|d vLex Global (Academic Edition, Law Schools)
|
| 650 |
0 |
4 |
|a Derecho Constitucional
|z Bolivia
|
| 650 |
0 |
4 |
|a Derecho Penal
|z Bolivia
|
| 650 |
0 |
4 |
|a Derecho Laboral y Seguridad Social
|z Bolivia
|
| 650 |
0 |
4 |
|a Derecho Internacional
|z Bolivia
|
| 650 |
0 |
4 |
|a Derecho Pb︢lico y Administrativo
|z Bolivia
|
| 740 |
0 |
|
|a vLex Revistas (Servicio en ln̕ea)
|
| 856 |
4 |
0 |
|u http://vlex.com/source/revista-juridica-derecho-22086
|z Acceso restringido
|
| 942 |
|
|
|c REV
|
| 999 |
0 |
|
|a Constitutional Law
|
| 999 |
0 |
|
|a Criminal Law
|
| 999 |
0 |
|
|a Labor Law and Social Security
|
| 999 |
0 |
|
|a International Law
|
| 999 |
0 |
|
|a Public and Administrative Law
|